|
|
|
|
| LEADER |
00000nam0a2200000 4500 |
| 001 |
301101 |
| 005 |
20231102001352.0 |
| 020 |
|
|
|a RU
|b 83-6815
|
| 035 |
|
|
|a (RuTPU)RU\TPU\book\326254
|
| 090 |
|
|
|a 301101
|
| 100 |
|
|
|a 20150723d1983 km y0rusy5003 ca
|
| 101 |
0 |
|
|a rus
|
| 102 |
|
|
|a MD
|
| 105 |
|
|
|a a z 001zy
|
| 200 |
1 |
|
|a Явления переноса в висмуте и его сплавах
|f Академия наук Молдавской ССР (АН МССР), Институт прикладной физики ; под ред. А. М. Андриеша
|
| 210 |
|
|
|a Кишинев
|c Штиинца
|d 1983
|
| 215 |
|
|
|a 266 с.
|c ил.
|
| 300 |
|
|
|a Авт. указаны на обороте тит. л.
|
| 320 |
|
|
|a Библиогр.: с. 216-228
|
| 606 |
1 |
|
|a Висмут
|x Физико-механические свойства
|2 stltpush
|3 (RuTPU)RU\TPU\subj\22059
|9 46944
|
| 610 |
1 |
|
|a переноса явления
|
| 610 |
1 |
|
|a сплавы
|
| 610 |
1 |
|
|a анизотропия
|
| 610 |
1 |
|
|a термомагнитные эффекты
|
| 610 |
1 |
|
|a магнитные поля
|
| 610 |
1 |
|
|a электронная теория
|
| 610 |
1 |
|
|a кинетические явления
|
| 610 |
1 |
|
|a акцепторные примеси
|
| 610 |
1 |
|
|a кинетические свойства
|
| 675 |
|
|
|a 669.76
|z rus
|v 3
|
| 702 |
|
1 |
|a Андриеш
|b А. М.
|4 340
|
| 712 |
0 |
2 |
|a Академия наук Молдавской ССР (АН МССР)
|b Институт прикладной физики
|c (Кишинев)
|2 stltpush
|3 (RuTPU)RU\TPU\col\11347
|
| 801 |
|
0 |
|a RU
|b RuMRKP
|c 19950704
|g psbo
|
| 801 |
|
1 |
|a RU
|b 63413507
|c 20150723
|
| 801 |
|
2 |
|a RU
|b 63413507
|c 20190603
|g RCR
|
| 942 |
|
|
|c BK
|